00750nam a2200205Ia 4500003000900000008004100009040001600050080002600066110003300092245015000125260005000275300000900325650001900334650002200353650002000375650002500395942000700420999001500427952010200442IN-BaIIA211028s9999 xx 000 0 eng d cIIA Library a083.7:69.025.356bISI aIndian Standards Institution 0aIndian Standard Code of Practice for Laying of Flexible PVC Sheet and Tile FlooringcIndian Standards Institution  aNew DelhibIndian Standards Institutionc1970 a12p. aNASA Thesaurus aPVC Sheets914812 aStandards98876 aTile Flooring914813 cBK c8806d8806 00104070aBANbBANcGENd1986-09-11l0o083.7:69.025.356/ ISIp9684r2021-11-05w1986-09-11yBK